| 000 | 00881nas a2200277 4500 | ||
|---|---|---|---|
| 001 | BR9804211 | ||
| 003 | BR-BrBNA | ||
| 005 | 20231205101047.0 | ||
| 007 | ta | ||
| 008 | 230509b bl.|||p| |||| 00| 00por d | ||
| 040 |
_aBR-BrBNA _bpor _cBiblioteca Nacional de Agricultura |
||
| 041 | _a(Pt) | ||
| 072 | _aL73 | ||
| 100 | 1 | _aFortes, E. | |
| 100 | 1 | _aHoffmann, R.P. | |
| 100 | 1 | _aScariot, J. | |
| 245 | 1 | _aLernaea cyprinacea Linnaeus, 1758 (Crustacea, Copepoda)parasitando peixes de agua doce da grande Porto Alegre, RS, Brasil | |
| 650 | _aPeixe de Agua Doce | ||
| 650 | _aCrustaceo | ||
| 650 | _aParasitismo | ||
| 650 | _aHospedeiro | ||
| 650 | _aRio Grande do Sul | ||
| 773 | 0 |
_tRevista Brasileira de Medicina Veterinaria (Brazil) _xISSN 0100-2430 _g(Mar-Abr 1998), v. 20(2) p. 64-65 _wBR9804211 |
|
| 909 |
_a202311 _bLúcia _c55 _dLúcia Elande |
||
| 942 |
_2AGRIS _n0 _cANA |
||
| 999 |
_c159495 _d159495 |
||